Five Largest Countries - Statistics

General Stats
  • This quiz has been taken 116 times
    93 since last reset
  • The average score is 5 of 5
Answer Stats
Continent Country % Correct
Europe Russia
96%
Asia China
94%
North America Canada
93%
North America USA
90%
South America Brazil
84%
No matching quizzes found
Score Distribution
Percent of People with Each Score
Percentile by Number Answered
Your Score History
You have not taken this quiz since the last reset